| 000 | 00867nam a2200229Ia 4500 | ||
|---|---|---|---|
| 999 |
_c56548 _d56548 |
||
| 001 | 23662 | ||
| 003 | GE_BSU | ||
| 005 | 20260223173850.0 | ||
| 008 | 181216s2012||||ge |||||||||||||| ||geo|| | ||
| 020 | _a978-9941-19-853-3 | ||
| 040 | _cGE_BSU | ||
| 041 | _ageo | ||
| 080 | _a821.353.1-32 ლ-85 | ||
| 100 |
_aლორთქიფანიძე, ნიკო _926951 |
||
| 245 |
_aპროზა. ტ. 3 / _cნიკო ლორთქიფანიძე ; სარედ. ჯგუფი : ზურაბ აბაშიძე, მანანა ჯანელიძე, ირმა ხარშილაძე. |
||
| 264 |
_aთბილისი : _bპალიტრა L, _c2012. |
||
| 300 |
_a448 გვ. ; _c19 სმ. |
||
| 490 | _aჩემი რჩეული | ||
| 541 | _h8 ლ. | ||
| 653 | _aპროზა. ტ. 3 | ||
| 942 |
_cBK _2udc |
||